| 000 | 01789naa a2200445 c 4500 | ||
|---|---|---|---|
| 001 | 47676 | ||
| 003 | ES-MaCES | ||
| 005 | 20160519140205.0 | ||
| 008 | 160519s2016 sp ||||| t||||||| ||spa d | ||
| 040 |
_aES-MaCES _bspa _cES-MaCES _dES-MaCES |
||
| 245 | 0 | 4 |
_aLas comunidades autónomas dispuestas a crecer _cCoordinado por María José Moral |
| 650 | 4 |
_927094 _acrecimiento económico |
|
| 650 | 4 |
_927093 _adesarrollo económico |
|
| 650 | 4 |
_927103 _arecuperación económica |
|
| 650 | 4 |
_927102 _acrisis económica |
|
| 650 | 4 |
_929186 _adesarrollo regional |
|
| 650 | 4 |
_930768 _aComunidades Autónomas |
|
| 650 | 4 |
_930791 _aAndalucia |
|
| 650 | 4 |
_930778 _aAragón |
|
| 650 | 4 |
_930783 _aAsturias (Comunidad Autónoma) |
|
| 650 | 4 |
_930884 _aBaleares (Comunidad Autónoma) |
|
| 650 | 4 |
_926798 _aIslas Canarias |
|
| 650 | 4 |
_930793 _aCantabria (Comunidad Autónoma) |
|
| 650 | 4 |
_930782 _aCastilla y León |
|
| 650 | 4 |
_930885 _aCastilla-La Mancha |
|
| 650 | 4 |
_930774 _aCataluña |
|
| 650 | 4 |
_930798 _aExtremadura |
|
| 650 | 4 |
_930804 _aGalicia |
|
| 650 | 4 |
_930777 _aMadrid (Comunidad Autónoma) |
|
| 650 | 4 |
_930881 _aMurcia (Comunidad Autónoma) |
|
| 650 | 4 |
_930886 _aNavarra (Comunidad Autónoma) |
|
| 650 | 4 |
_930799 _aPaís Vasco |
|
| 650 | 4 |
_930883 _aLa Rioja (Comunidad Autónoma) |
|
| 650 | 4 |
_930772 _aValencia (Comunidad Autónoma) |
|
| 653 | 1 | 0 | _aEconomía |
| 700 | 1 |
_918988 _aMoral Rincón, María José |
|
| 773 | 0 |
_984384 _dMadrid (Padre Damián, 48, 28036) Fundación Fondo para la Investigación Económica y Social, Obra Social de la Confederación Española de Cajas de Ahorros _o087286 _tPapeles de economía española _w(ES-MaCES)25203 _gn. 148 (2016) {10187 R. 087286} ; 219p. |
|
| 902 | _aMON Monográfico de revista | ||
| 942 |
_2CES _cAR _h0.0. |
||
| 999 |
_c47676 _d47676 |
||